<?xml version="1.0" encoding="UTF-8"?>
<record
    xmlns:xsi="http://www.w3.org/2001/XMLSchema-instance"
    xsi:schemaLocation="http://www.loc.gov/MARC21/slim http://www.loc.gov/standards/marcxml/schema/MARC21slim.xsd"
    xmlns="http://www.loc.gov/MARC21/slim">

  <leader>00807nam a2200193 i 4500</leader>
  <controlfield tag="001">85879</controlfield>
  <controlfield tag="003">ES-MaACL</controlfield>
  <controlfield tag="005">20251013234508.0</controlfield>
  <controlfield tag="007">t|</controlfield>
  <controlfield tag="008">041202m19111925sp           ||||1| spa d</controlfield>
  <datafield tag="100" ind1="1" ind2=" ">
    <subfield code="a">Keen, William Williams.</subfield>
    <subfield code="9">67712</subfield>
  </datafield>
  <datafield tag="245" ind1="1" ind2="0">
    <subfield code="a">Cirug&#xED;a </subfield>
    <subfield code="b">: tratado te&#xF3;rico-pr&#xE1;ctico de Patolog&#xED;a y Cl&#xED;nica Quir&#xFA;rgica / </subfield>
    <subfield code="c">publicado por varios autores bajo la direcci&#xF3;n del Dr. William Williams Keen ; traducido directamente del alem&#xE1;n por el Dr. Le&#xF3;n Cardenal ; revisado por el Dr. S. Cardenal.</subfield>
  </datafield>
  <datafield tag="260" ind1=" " ind2=" ">
    <subfield code="a">Barcelona : </subfield>
    <subfield code="b">Salvat y C&#xED;a, </subfield>
    <subfield code="c">1911-1925.</subfield>
  </datafield>
  <datafield tag="300" ind1=" " ind2=" ">
    <subfield code="a">8 v. ; </subfield>
    <subfield code="c">24 cm.</subfield>
  </datafield>
  <datafield tag="700" ind1="1" ind2=" ">
    <subfield code="a">Cardenal y Pujals, Le&#xF3;n, </subfield>
    <subfield code="d">1878-1960</subfield>
    <subfield code="9">35129</subfield>
  </datafield>
  <datafield tag="700" ind1="1" ind2=" ">
    <subfield code="a">Cardenal y Fern&#xE1;ndez, Salvador, </subfield>
    <subfield code="d">1852-1927</subfield>
    <subfield code="9">163065</subfield>
  </datafield>
  <datafield tag="852" ind1=" " ind2=" ">
    <subfield code="a">ES-MaACL</subfield>
    <subfield code="j">C-17823-30</subfield>
  </datafield>
  <datafield tag="999" ind1=" " ind2=" ">
    <subfield code="c">85879</subfield>
    <subfield code="d">85879</subfield>
  </datafield>
  <datafield tag="952" ind1=" " ind2=" ">
    <subfield code="0">0</subfield>
    <subfield code="1">0</subfield>
    <subfield code="4">0</subfield>
    <subfield code="7">0</subfield>
    <subfield code="a">ATENEOM</subfield>
    <subfield code="b">ATENEOM</subfield>
    <subfield code="c">MES</subfield>
    <subfield code="d">2008-01-17</subfield>
    <subfield code="e">SC</subfield>
    <subfield code="l">0</subfield>
    <subfield code="o">C-17823-30</subfield>
    <subfield code="p">1089744</subfield>
    <subfield code="r">2023-02-23 00:00:00</subfield>
    <subfield code="w">2023-02-23</subfield>
    <subfield code="y">MONOGRAFIA</subfield>
  </datafield>
</record>
